<?xml version="1.0" encoding="UTF-8"?><?xml-stylesheet type="text/xsl" href="static/style.xsl"?><OAI-PMH xmlns="http://www.openarchives.org/OAI/2.0/" xmlns:xsi="http://www.w3.org/2001/XMLSchema-instance" xsi:schemaLocation="http://www.openarchives.org/OAI/2.0/ http://www.openarchives.org/OAI/2.0/OAI-PMH.xsd"><responseDate>2026-04-14T19:23:51Z</responseDate><request verb="GetRecord" identifier="oai:uvadoc.uva.es:10324/48155" metadataPrefix="marc">https://uvadoc.uva.es/oai/request</request><GetRecord><record><header><identifier>oai:uvadoc.uva.es:10324/48155</identifier><datestamp>2021-09-21T08:45:59Z</datestamp><setSpec>com_10324_38</setSpec><setSpec>col_10324_852</setSpec></header><metadata><record xmlns="http://www.loc.gov/MARC21/slim" xmlns:doc="http://www.lyncode.com/xoai" xmlns:xsi="http://www.w3.org/2001/XMLSchema-instance" xmlns:dcterms="http://purl.org/dc/terms/" xsi:schemaLocation="http://www.loc.gov/MARC21/slim http://www.loc.gov/standards/marcxml/schema/MARC21slim.xsd">
<leader>00925njm 22002777a 4500</leader>
<datafield tag="042" ind1=" " ind2=" ">
<subfield code="a">dc</subfield>
</datafield>
<datafield tag="720" ind1=" " ind2=" ">
<subfield code="a">Calle Gómez, Daniel José de la</subfield>
<subfield code="e">author</subfield>
</datafield>
<datafield tag="260" ind1=" " ind2=" ">
<subfield code="c">2021</subfield>
</datafield>
<datafield tag="520" ind1=" " ind2=" ">
<subfield code="a">Este trabajo de fin de grado está dedicado a la influencia de la pandemia COVID19 en los ERTE. El COVID19 ha obligado al legislador a tomar medidas de ajuste temporal paliativas de los perjuicios sociales, laborales y económicas que aquella estaba causando en la sociedad española.&#xd;
La suspensión del contrato de trabajo y la reducción de la jornada laboral (ERTE) ha pasado a ser el instrumento central sobre el que pivotan las decisiones adoptadas por el Gobierno a través de diversa normativa; es evidente el auge en la utilización de ese mecanismo en esta época respecto a previos años. La fuerza mayor y las causas económicas, técnicas, organizativas o de producción derivadas del COVID19 son la justificación más recurrente de los ERTE. &#xd;
Un grueso muy importante de trabajadores se ha visto inmerso en el mismo, provocando una paralización económica y laboral del Estado que se está recuperando gracias a la reactivación de la actividad empresarial. Los trabajadores están recuperando los puestos de trabajo que tenían otorgados previamente.</subfield>
</datafield>
<datafield tag="024" ind2=" " ind1="8">
<subfield code="a">https://uvadoc.uva.es/handle/10324/48155</subfield>
</datafield>
<datafield ind1=" " ind2=" " tag="653">
<subfield code="a">Trabajo - Derecho</subfield>
</datafield>
<datafield tag="245" ind1="0" ind2="0">
<subfield code="a">El Expediente de regulación temporal de empleo (ERTE) y la crisis del COVID-19</subfield>
</datafield>
</record></metadata></record></GetRecord></OAI-PMH>